000 00565nam a2200169 i 4500
001 68166
003 ES-MaACL
005 20230906170221.0
007 t|
008 040610s1974 sp ||||1| spa d
100 1 _aGaravilla Barandica, Juanita.
_9172307
245 1 0 _aDel infierno a la esperanza /
_cJuana Garavilla Barandica ; dos narraciones de mi hija Milagros Naval Garavilla.
260 _aMadrid :
_b[s.n.],
_c1974 (
_fVda. de Galo Sèz)
300 _a158 p. ;
_c20 cm.
700 1 _aNaval Garavilla, Milagros.
_985022
852 _aES-MaACL
_jA-8081
_bR.97335
999 _c68166
_d68166